000 00654nam a2200217 a 4500
999 _c5449
_d5449
001 5449
003 BD-JhCC
005 20180103175104.0
008 171214s1994 e a|||| ||a| 000 0 eng d
035 _a(BD-JhCC)
040 _aBD-JhCC
_dBD-JhCC
041 _aeng
082 _a420.711
_bKRA 1994
_21994
100 _aKral, Thomas
245 _aTeacher Development Making the Right Moves /
_cThomas Kral
260 _aAmerica :
_bEnglish Language Programs Division United States Information Agency /
_c1994
300 _a278 p .:
_c22 cm .
650 _aEnglish Language,Study and teaching , Foreign Spekers
942 _2ddc
_cBK